Statistics for Name the Legend of Zelda games

Click here to take the quiz!

General Stats

  • This quiz has been taken 514 times
  • The average score is 14 of 17

Answer Stats

Original release yearAnswer% Correct
1986The Legend of Zelda
96%
1998Ocarina of Time
95%
2000Majora's Mask
94%
2006Twilight Princess
93%
1991A Link to the Past
92%
2002The Wind Waker
92%
2011Skyward Sword
91%
1993Link's Awakening/DX
82%
2009Spirit Tracks
81%
2013A Link Between Worlds
79%
2007Phantom Hourglass
79%
2002Four Swords
78%
2001Oracle of Seasons
78%
1988Zelda II: The Adventure of Link
78%
2005The Minish Cap
77%
2001Oracle of Ages
76%
2004Four Swords Adventures
43%

Score Distribution

Percentile by Number Answered

Percent of People with Each Score

Your Score History

You have not taken this quiz